Economic mineral deposits of India, (Record no. 72225)

MARC details
000 -LEADER
fixed length control field 00706cam a22002411 4500
001 - CONTROL NUMBER
control field sa 67000811
003 - CONTROL NUMBER IDENTIFIER
control field DLC
005 - DATE AND TIME OF LATEST TRANSACTION
control field 20260227112317.0
008 - FIXED-LENGTH DATA ELEMENTS--GENERAL INFORMATION
fixed length control field 830325s1963 ii ab b 000 0 eng
010 ## - LIBRARY OF CONGRESS CONTROL NUMBER
LC control number sa 67000811
035 ## - SYSTEM CONTROL NUMBER
System control number (OCoLC)9347726
040 ## - CATALOGING SOURCE
Original cataloging agency DLC
Transcribing agency CU-A
Modifying agency DLC
042 ## - AUTHENTICATION CODE
Authentication code premarc
043 ## - GEOGRAPHIC AREA CODE
Geographic area code a-ii---
050 00 - LIBRARY OF CONGRESS CALL NUMBER
Classification number TN103
Item number .B6
100 1# - MAIN ENTRY--PERSONAL NAME
Personal name Borooah, S. K.
245 10 - TITLE STATEMENT
Title Economic mineral deposits of India,
Statement of responsibility, etc. by S.K. Borooah. Introd. by Alan M. Bateman.
250 ## - EDITION STATEMENT
Edition statement [1st ed.]
260 ## - PUBLICATION, DISTRIBUTION, ETC.
Place of publication, distribution, etc. Nowgong, Assam,
Name of publisher, distributor, etc. Sewali Prakash Bhawan
Date of publication, distribution, etc. [1963]
300 ## - PHYSICAL DESCRIPTION
Extent xiv, 202 p.
Other physical details illus., maps.
Dimensions 19 cm.
504 ## - BIBLIOGRAPHY, ETC. NOTE
Bibliography, etc. note Includes bibliographies.
650 #0 - SUBJECT ADDED ENTRY--TOPICAL TERM
Topical term or geographic name entry element Mines and mineral resources
Geographic subdivision India.

No items available.

Powered by Koha